header

Design through digital interaction (Record no. 30980)

MARC details
000 -LEADER
fixed length control field 01384nam a2200337 a 4500
082 04 - DEWEY DECIMAL CLASSIFICATION NUMBER
Classification number 721.0285
100 1# - MAIN ENTRY--AUTHOR NAME
Personal name Peng, Chengzhi.
245 10 - TITLE STATEMENT
Title Design through digital interaction
260 ## - PUBLICATION, DISTRIBUTION, ETC. (IMPRINT)
Place of publication Bristol, U.K. ;
-- Portland, Or. :
Name of publisher Intellect,
Year of publication 2001.
300 ## - PHYSICAL DESCRIPTION
Number of Pages xi, 212 p. :
Other physical details ill.
650 #0 - SUBJECT ADDED ENTRY--TOPICAL TERM
Topical Term Computer-aided design.
Topical Term Design
Topical Term Architectural design
Topical Term Artistic collaboration
Topical Term Group work in architecture
856 40 - ELECTRONIC LOCATION AND ACCESS
Uniform Resource Identifier http://site.ebrary.com/lib/rucke/Doc?id=10014644

No items available.

© 2026 Rongo University
Contact us: librarian | system librarian | Rongo university